Statistics for 25 most speedran games (2019)

Click here to take the quiz!

General Stats

  • This quiz has been taken 10 times
  • The average score is 8 of 25

Answer Stats

#ChangeYearConsole(s)Runner countGame% Correct
11↓21985NES927Super Mario Bros.
89%
1=1996N642 528Super Mario 64
89%
2=2017Switch1 573Super Mario Odyssey
78%
3=1998N641 446The Legend of Zelda: Ocarina of Time
78%
7↓11990SNES1 042Super Mario World
78%
6↓12002GCN1 051Super Mario Sunshine
44%
4=1991SNES1 262The Legend of Zelda: A Link to the Past
33%
20↓62010Xbox360631Super Meat Boy
33%
14NEW2019PC, PS4, XboxOne770Resident Evil 2 (2019)
33%
23↓42015PC591Undertale
22%
21↓82017PS4, XboxOne629Resident Evil 7: Biohazard
22%
25↑32008Wii563Mario Kart Wii
22%
8↓11994SNES1 030Super Metroid
22%
9↓12007PC1 028Portal
22%
5↑202018PC, Switch, PS4, Xbox One1 114Celeste
22%
12↓22015PC886Refunct
11%
10↑132018PS4, XboxOne944Monster Hunter: World
11%
15↑32013PS4, XboxOne, PC761Warframe
11%
16↓42017PC749Getting Over It With Bennett Foddy
11%
17↓32013PS3, Xbox360, PC738Payday 2
11%
18↓72001Dreamcast702Sonic Adventure 2: Battle
11%
19↓22017PC, XboxOne647Cuphead
11%
22↑42009Wii621New Super Mario Bros. Wii
11%
24↓82014PS3, PS4, Xbox360, XboxOne578Destiny
11%
13↑142017Switch872Mario Kart 8 Deluxe
11%

Score Distribution

Percentile by Number Answered

Percent of People with Each Score

Your Score History

You have not taken this quiz